[Event "FIDE World Uni Blitz-B 1st"]
[Site "Tornelo INT"]
[Date "2021.03.13"]
[Round "7.49"]
[White "Carrasco Jacome, Bryan Ricardo"]
[Black "MY, Aditya"]
[Result "1-0"]
[WhiteElo "2103"]
[BlackElo "1563"]
[PlyCount "71"]
[EventDate "2021.03.13"]
[EventType "swiss (blitz)"]
[EventRounds "10"]
[EventCountry "NET"]
[SourceTitle "EXT 2022"]
[Source "ChessBase"]
[SourceDate "2021.10.06"]
[SourceVersion "1"]
[SourceVersionDate "2021.10.06"]
[SourceQuality "1"]

1. e4 e6 2. Qe2 Be7 3. g3 d5 4. d3 dxe4 5. dxe4 Nd7 6. Bg2 Ngf6 7. Nf3 0-0 8. 0-0 c6 9. Rd1 Qb6 10. e5 Nd5 11. c4 Nb4 12. a3 Na6 13. Nc3 Ndc5 14. b4 Nb3 15. Be3 Qc7 16. Rab1 Na5 17. bxa5 Bxa3 18. Ne4 Qxa5 19. Ra1 Qb4 20. c5 b6 21. Bd2 Qb3 22. Rdb1 Qa4 23. Bc1 Nxc5 24. Nxc5 bxc5 25. Bxa3 Qg4 26. Bxc5 a5 27. h3 Qg6 28. Bxf8 Kxf8 29. Qc4 Ba6 30. Qxc6 Rd8 31. Qxa6 Qc2 32. Qxa5 Rc8 33. Rc1 Qxc1+ 34. Rxc1 Rxc1+ 35. Kh2 g6 36. Qa3+ 1-0

[Event "IND-ch U15"]
[Site "Thrissur"]
[Date "2014.08.07"]
[Round "5"]
[White "MY, Aditya"]
[Black "Raja, Harshit"]
[Result "1/2-1/2"]
[WhiteElo "1784"]
[BlackElo "2092"]
[PlyCount "100"]
[EventDate "2014.08.04"]
[EventType "swiss"]
[EventRounds "11"]
[EventCountry "IND"]
[SourceTitle "CBM 162 Extra"]
[Source "ChessBase"]
[SourceDate "2014.10.17"]
[SourceVersion "1"]
[SourceVersionDate "2014.10.17"]
[SourceQuality "1"]

1. d4 Nf6 2. Nf3 e6 3. e3 b6 4. Bd3 Bb7 5. c4 d6 6. Nc3 Nbd7 7. 0-0 Be7 8. Re1 c5 9. h3 a6 10. a4 Qc7 11. e4 cxd4 12. Nxd4 Ne5 13. b3 Nxd3 14. Qxd3 0-0 15. Qg3 Kh8 16. Bb2 Rac8 17. Rad1 Rfd8 18. Kh1 Bf8 19. f4 g6 20. Nf5 exf5 21. Nd5 Bxd5 22. Bxf6+ Bg7 23. Bxd8 Rxd8 24. Rxd5 fxe4 25. Rxe4 Bf6 26. Qe3 Qc6 27. f5 g5 28. h4 h6 29. Rd1 d5 30. cxd5 Rxd5 31. Rxd5 Qxd5 32. hxg5 hxg5 33. Qh3+ Kg7 34. Re8 Qd1+ 35. Kh2 Qd6+ 36. Qg3 Qd7 37. Qb8 Qxf5 38. Qd6 Qh7+ 39. Kg3 Qh4+ 40. Kf3 g4+ 41. Ke2 Qh5 42. Re3 Qf5 43. Qd3 Qh5 44. Qe4 Kh6 45. Rg3 Be5 46. Rxg4 f5 47. Qc6+ Kh7 48. Qd7+ Kh6 49. Qe6+ Kh7 50. Qg8+ Kh6 1/2-1/2

[Event "IND-ch U13"]
[Site "Puducherry"]
[Date "2013.07.06"]
[Round "9"]
[White "Mitrabha, Guha"]
[Black "MY, Aditya"]
[Result "1-0"]
[WhiteElo "1967"]
[BlackElo "1763"]
[PlyCount "145"]
[EventDate "2013.06.30"]
[EventType "swiss"]
[EventRounds "11"]
[EventCountry "IND"]
[SourceTitle "EXT 2014"]
[Source "ChessBase"]
[SourceDate "2013.11.20"]
[SourceVersion "1"]
[SourceVersionDate "2013.11.20"]
[SourceQuality "1"]

1. d4 d5 2. c4 e6 3. Nc3 Nf6 4. Nf3 c6 5. g3 Nbd7 6. Bg2 Bd6 7. 0-0 0-0 8. Nd2 Bc7 9. e4 dxc4 10. Nxc4 b5 11. Ne3 Ba6 12. b4 Nb6 13. Bb2 Qe7 14. a3 Rfd8 15. Rc1 Bb7 16. Qc2 Rac8 17. Rfd1 Bb8 18. Qb3 a6 19. e5 Nfd5 20. Ne4 Nxe3 21. fxe3 Nc4 22. Bf1 Nxb2 23. Qxb2 Bc7 24. Nc5 Bb6 25. Bg2 a5 26. Rd2 Ba8 27. Rdc2 Rc7 28. Nd3 Rdc8 29. Nc5 Rd8 30. Ne4 Qd7 31. Qb3 h6 32. Nc5 Qe7 33. bxa5 Bxa5 34. Na6 Ra7 35. Nb4 c5 36. Rxc5 Bxg2 37. Kxg2 Bxb4 38. Qxb4 Qg5 39. Rc8 Rxc8 40. Rxc8+ Kh7 41. Rc3 Qf5 42. Qxb5 Qe4+ 43. Kg1 Qf3 44. Qd3+ g6 45. e4 Qg4 46. Qf3 Qg5 47. Qf4 Qe7 48. Kg2 Qb7 49. Kh3 g5 50. Qf3 Ra8 51. d5 Rg8 52. g4 f5 53. exf6 Qf7 54. dxe6 Qxe6 55. Qf5+ Qxf5 56. gxf5 h5 57. e5 Rf8 58. Rc7+ Kh6 59. f7 Rb8 60. Rc6+ Kg7 61. Rg6+ Kxf7 62. Rxg5 Rb3+ 63. Kh4 Rxa3 64. Rxh5 Ra5 65. e6+ Kf6 66. Rh6+ Ke7 67. Kg5 Ra1 68. Rh7+ Kf8 69. Kf6 Kg8 70. Rb7 Rf1 71. e7 Re1 72. Rb8+ Kh7 73. e8R 1-0